Integrated Role of Nutrition and Physical Activity for Lifelong Health (Record no. 191431)

MARC details
000 -LEADER
fixed length control field 00501nmm a2200145Ia 4500
020 ## - INTERNATIONAL STANDARD BOOK NUMBER
ISBN 9783039212125
100 ## - MAIN ENTRY--PERSONAL NAME
Personal name Koehler, Karsten||Drenowatz, Clemens
245 #0 - TITLE STATEMENT
Title Integrated Role of Nutrition and Physical Activity for Lifelong Health
260 ## - PUBLICATION, DISTRIBUTION, ETC. (IMPRINT)
Place of publication MDPI - Multidisciplinary Digital Publishing Institute
Year of publication 2019
650 ## - SUBJECT ADDED ENTRY--TOPICAL TERM
Topical Term n/a
856 ## - ELECTRONIC LOCATION AND ACCESS
Uniform Resource Identifier https://directory.doabooks.org/handle/20.500.12854/50377
942 ## - ADDED ENTRY ELEMENTS (KOHA)
Koha item type
Holdings
Withdrawn status Lost status Damaged status Not for loan Permanent Location Current Location Date acquired Price effective from Koha item type
        Library and Documentation Division NCERT Library and Documentation Division NCERT 11/20/2024 11/20/2024